Responses for Show #4003 - Wednesday, January 16, 2002

Contestants

[<< previous game]

Anna Pasquale, a web consultant for an advertising agency from Sacramento, California

John Compton, a graduate student from Washington, D.C.

Nanette Wargo, a graduate student from Sauk Village, Illinois (whose 2-day cash winnings total $38,430)

[next game >>]

Jeopardy! Round responses

"ANTI" UP
JOKERS
JACKS OR BETTER
STRAIT
FULL HOUSE
ROYAL FLUSH
    $200 1
anti-lock brakes

Nanette
    $200 6
John Candy

Triple Stumper
    $200 16
Little Jack Horner

Anna
    $200 26
Michigan

Nanette
    $200 11
big screen TVs

Nanette
    $200 21
Christianity

Nanette
    $400 2
antibodies

Anna
    $400 7
HBO

Nanette
    $400 17
Jack Kerouac

Anna
    $400 27
Japan

Nanette
    $400 12
island

Anna
    $400 22
Eleanor

Nanette
    $600 3
antioxidants

Anna
    $600 8
Denis Leary

Nanette
    $600 18
Jack Kevorkian

Nanette
    $600 28
Tasmania

Nanette
    $600 13
(Anna: What is porcelain?)

marble

NanetteAnna
    $600 23
(John: What is Denmark?)

Norway

NanetteJohn
    $800 4
Antioch

Triple Stumper
    $800 9
Robin Williams

Triple Stumper
    $800 19
Jack Dempsey

Nanette
    $800 29
Tierra del Fuego

Anna
    $800 14
dinette set

Triple Stumper
    $1,600 24
(Alex: Less than a minute now.)

mausoleum

Nanette
    $1000 5
antipathy

Nanette
    $1000 10
(Anna: Who is Don...?)

Buck Henry

Anna
Triple Stumper
    $1000 20
Drew Pearson

Triple Stumper
    $1000 30
Indonesia

Nanette
    $1000 15
Hide-a-Bed

Nanette
    $1000 25
Haile Selassie

Nanette

Scores at the first commercial break (after clue 15):

Nanette John Anna
$4,000 $0 -$200

Scores at the end of the Jeopardy! Round:

Nanette John Anna
$11,400 -$600 $1,200

Double Jeopardy! Round responses

NOVELISTS
MARDI GRAS
RELIGION
CORRECTION!
THE NATIONAL PASTIME
CELEBRITY RHYME TIME
    $400 22
Stephen King

Anna
    $400 2
(Alex: The king is called [*]--Latin for "king.")

rex

Triple Stumper
    $400 1
Muslim

Anna
    $400 20
electricity

Anna
    $400 12
Brewers

John
    $400 7
Fred's reds

Nanette
    $800 23
(John: Who is Jules Verne?)

Rex Stout

John
Triple Stumper
    $800 3
Fat Tuesday

Anna
    $800 17
Latin

Anna
    $800 19
(Nanette: What is The New York Times?)
...
(Alex: The [*], not The Post.)

New York Daily News

Nanette
Triple Stumper
    $800 13
slider

John
    $800 8
Bob's mobs

John
    $1200 24
James Agee

Triple Stumper
    $1200 4
doubloons

Triple Stumper
    $3,000 18
(Anna: Oh, boy.)
(Alex: Say something.)
(Anna: Oh, who are the Protestants?)

Quakers

Anna
    $1200 21
Boston Globe

Nanette
    $1200 14
Billy Martin

John
    $1200 9
Janet's planets

Anna
    $1600 25
(John: Who is Elmore Leonard?)

Joe Wambaugh

John
Triple Stumper
    $1600 5
the Romanovs

Anna
    $1600 28
Shinto

Anna
    $1600 26
CNN

Nanette
    $1600 15
Bernie Williams

John
    $1600 10
Lee's fleas

Anna
    $2000 27
Eudora Welty

John
    $2000 6
crewe

Triple Stumper
    $2000 29
miters

Triple Stumper
    $1,000 30
(Alex: Anything?)
(Anna: Oh, goodness.
What is National Geographic?)

Columbia Journalism Review

Anna
    $2000 16
Sadaharu Oh

Triple Stumper
    $2000 11
Pound's sounds

John

Scores at the end of the Double Jeopardy! Round:

Nanette John Anna
$13,800 $5,800 $6,000
(lock game)

[wagering suggestions for these scores]

Final Jeopardy! Round responses

THE 50 STATES
(Alex: [To Anna] You were on your way to writing "Tennessee", but you didn't, so we can't accept it.)
JohnWhat are Mississippi & Alabama?
$4,000
AnnaWhat are Mississippi & Ten
$5,700
NanetteWhat are Mississippi and Tennessee?
$800
Mississippi & Tennessee

Final scores:

Nanette John Anna
$14,600 $1,800 $300
3-day champion: $53,030 2nd place: trip to Cabo San Lucas, Mexico & stay at Pueblo Bonito Rose 3rd place: trip to Atlantic City & stay at Resorts Hotel

Game dynamics:

Coryat scores:

Nanette John Anna
$13,000 $5,800 $10,000
21 R
(including 1 DD),
1 W
7 R,
3 W
15 R,
4 W
(including 2 DDs)

Combined Coryat: $28,800

[game clues] [game scores] [suggest correction]

Game tape date: 2001-10-30
The J! Archive is created by fans, for fans. Scraping, republication, monetization, and malicious use prohibited; this site may use cookies and collect identifying information. See terms. The Jeopardy! game show and all elements thereof, including but not limited to copyright and trademark thereto, are the property of Jeopardy Productions, Inc. and are protected under law. This website is not affiliated with, sponsored by, or operated by Jeopardy Productions, Inc. Join the discussion at JBoard.tv.